000 00532nam a2200181 a 4500
001 2573
005 20180713182539.0
008 140415s1975 mx 000 0 spa d
041 _aspa
082 _a658.4034
_bSHA
100 1 _aSHAMBLIN, JAMES E.
245 1 0 _aINVESTIGACION DE OPERACIONES :
_bUN ENFOQUE FUNDAMENTAL
250 _a1a ed.
260 _aMEXICO :
_bMC GRAW HILL INTERAMERICANA DE MEXICO,
_c1975, 1985
300 _a423
700 1 _aDUARTE TORRES, ALBERTO
_etr.
700 1 _aSTEVEN, G. T.
_ecoaut.
999 _c2573
_d2573